Lieux d'obtention de la Master Ball dans les jeux Pokémon - Statistiques

Statistiques générales
  • Ce quiz a été pris 11 fois
  • Le résultat moyen est 2 sur 11
Statistiques - réponses
Jeux Lieu d'obtention % Correct
Rouge, Bleu et Jaune Rouge Feu et Vert Feuille Let's Go Pikachu et Let's Go Evoli Sylphe SARL
80%
Diamant, Perle et Platine Diamant Etincelant et Perle Scintillante Centre Galaxie de Voilaroc
40%
Rubis, Saphir et Emeraude Rubis Oméga et Saphir Alpha Planque Magma/Planque Aqua
40%
Légendes Pokémon: Z-A Laboratoire Pokémon d'Illumis
30%
Ecarlate et Violet Académie de Paldea
20%
Or, Argent et Cristal Or Heartgold et Argent Soulsilver Laboratoire du Professeur Orme
20%
Noir 2 et Blanc 2 Parsemillle
10%
Soleil et Lune Ultra-Soleil et Ultra-Lune Paradis Aether
0%
Noir et Blanc Laboratoire du Professeur Keteleeria
0%
Epée et Bouclier Paddoxton
0%
X et Y Usine de Pokéballs
0%
Aucun quiz correspondant
Distribution des résultats
% des personnes avec chaque résultat
Percentile par nombre de réponses
Votre historique - résultats
Vous n’avez pas pris ce quiz